<?xml version="1.0" encoding="UTF-8"?>
<record
    xmlns:xsi="http://www.w3.org/2001/XMLSchema-instance"
    xsi:schemaLocation="http://www.loc.gov/MARC21/slim http://www.loc.gov/standards/marcxml/schema/MARC21slim.xsd"
    xmlns="http://www.loc.gov/MARC21/slim">

  <leader>01154nam a22001937a 4500</leader>
  <controlfield tag="003">DNLM</controlfield>
  <controlfield tag="005">20220326193246.0</controlfield>
  <controlfield tag="008">140329b        xxu||||| |||| 00| 0 eng d</controlfield>
  <datafield tag="020" ind1=" " ind2=" ">
    <subfield code="a">9789681638672</subfield>
  </datafield>
  <datafield tag="040" ind1=" " ind2=" ">
    <subfield code="c">##$aCtY$cMH</subfield>
  </datafield>
  <datafield tag="082" ind1=" " ind2=" ">
    <subfield code="a">320.54</subfield>
    <subfield code="b">A545c</subfield>
  </datafield>
  <datafield tag="100" ind1=" " ind2=" ">
    <subfield code="a">Anderson, Benedict</subfield>
    <subfield code="9">188</subfield>
  </datafield>
  <datafield tag="245" ind1=" " ind2=" ">
    <subfield code="a">Comunidades Imaginadas</subfield>
    <subfield code="b">Reflexiones sobre el origen y la difusi&#xF3;n del nacionalismo</subfield>
  </datafield>
  <datafield tag="250" ind1=" " ind2=" ">
    <subfield code="a">Quinta edici&#xF3;n</subfield>
  </datafield>
  <datafield tag="260" ind1=" " ind2=" ">
    <subfield code="a">M&#xE9;xico, D. F.</subfield>
    <subfield code="b">Fondo de Cultura Econ&#xF3;mica</subfield>
    <subfield code="c">2011</subfield>
  </datafield>
  <datafield tag="300" ind1=" " ind2=" ">
    <subfield code="a">320 p.</subfield>
    <subfield code="b">ill (a color)</subfield>
    <subfield code="c">17 cm</subfield>
  </datafield>
  <datafield tag="505" ind1=" " ind2=" ">
    <subfield code="t">Reconocimientos</subfield>
    <subfield code="t">Pr&#xF3;logo a la Segunda Edici&#xF3;n</subfield>
    <subfield code="t">I. Introducci&#xF3;n Conceptos y definiciones</subfield>
    <subfield code="t">II. Las ra&#xED;ces culturales Las comunidades religiosas El reino din&#xE1;stico Las aprehensiones del tiempo</subfield>
    <subfield code="t">III. El origen de la conciencia nacional</subfield>
    <subfield code="t">IV. Los pioneros criollos</subfield>
    <subfield code="t">V. Lenguas antiguas, modelos nuevos</subfield>
    <subfield code="t">VI. El nacionalismo oficial y el imperialismo</subfield>
    <subfield code="t">VII. La &#xFA;ltima oleada</subfield>
    <subfield code="t">VIII. Patriotismo y racismo</subfield>
    <subfield code="t">IX. El &#xE1;ngel de la historia</subfield>
    <subfield code="t">X. El censo, el mapa y el museo El censo El mapa El museo</subfield>
    <subfield code="t">XI. La memoria y el olvido</subfield>
    <subfield code="t">Bibliograf&#xED;a</subfield>
    <subfield code="t">&#xCD;ndice anal&#xED;tico</subfield>
  </datafield>
  <datafield tag="610" ind1=" " ind2=" ">
    <subfield code="x">Nacionalismo</subfield>
    <subfield code="x">Comunidades</subfield>
    <subfield code="x">Benedict Anderson</subfield>
    <subfield code="9">189</subfield>
  </datafield>
  <datafield tag="999" ind1=" " ind2=" ">
    <subfield code="c">28</subfield>
    <subfield code="d">28</subfield>
  </datafield>
  <datafield tag="952" ind1=" " ind2=" ">
    <subfield code="0">0</subfield>
    <subfield code="1">0</subfield>
    <subfield code="2">ddc</subfield>
    <subfield code="4">0</subfield>
    <subfield code="7">0</subfield>
    <subfield code="a">LV</subfield>
    <subfield code="b">LV</subfield>
    <subfield code="c">Pensamiento</subfield>
    <subfield code="d">2014-03-29</subfield>
    <subfield code="l">0</subfield>
    <subfield code="o">320.54 A545c</subfield>
    <subfield code="p">000015</subfield>
    <subfield code="r">2014-03-29 00:00:00</subfield>
    <subfield code="w">2014-03-29</subfield>
    <subfield code="y">01</subfield>
  </datafield>
</record>
